[Event "Arco op 46th"]
[Site "Arco"]
[Date "2024.10.08"]
[Round "4"]
[White "Higatsberger, Michael"]
[Black "De Reymaeker, Walter"]
[Result "1/2-1/2"]
[WhiteElo "2063"]
[BlackElo "1916"]
[PlyCount "149"]
[EventDate "2024.10.05"]
[EventType "swiss"]
[EventRounds "9"]
[EventCountry "ITA"]
[SourceTitle "CB44_2024"]
[Source "Chessbase"]
[SourceDate "2024.10.30"]
[SourceVersion "1"]
[SourceVersionDate "2024.10.30"]
[SourceQuality "1"]

1. e4 c5 2. Nf3 g6 3. d4 cxd4 4. Qxd4 Nf6 5. e5 Nc6 6. Qa4 Nd5 7. Qe4 Nb6 8. Nc3 Bg7 9. Bf4 d5 10. exd6 Bf5 11. Qe2 0-0 12. 0-0-0 exd6 13. Rxd6 Qc8 14. Qb5 Rd8 15. Rxd8+ Nxd8 16. Qe8+ Bf8 17. Bd6 Ne6 18. Qxc8 Rxc8 19. Bxf8 Kxf8 20. Bd3 Bxd3 21. cxd3 Nf4 22. Ne1 Na4 23. Kd2 Nxb2 24. g3 Nfxd3 25. Nxd3 Rd8 26. Ne2 Nxd3 27. Ke3 Nc5 28. Nd4 Re8+ 29. Kf3 Ne6 30. Nxe6+ Rxe6 31. Rb1 Ra6 32. Rxb7 Rxa2 33. h4 h5 34. Ke3 Kg7 35. f3 Ra4 36. Rc7 a5 37. Rc6 Ra1 38. Ra6 a4 39. Kf4 a3 40. Kg5 a2 41. Kf4 Kh6 42. Ra8 Kg7 43. Ra6 Kf8 44. Kg5 Rg1 45. Rxa2 Rxg3+ 46. Kf4 Rg1 47. Ra4 Kg7 48. Ra8 Rb1 49. Ra6 Rb5 50. Rc6 Rf5+ 51. Kg3 f6 52. Rc7+ Kh6 53. f4 Rd5 54. Ra7 Rd1 55. Kg2 Rd3 56. Rb7 Rd8 57. Kg3 Rg8 58. Rf7 f5 59. Ra7 Rg7 60. Ra8 Kh7 61. Kf3 Re7 62. Ra6 Kg7 63. Rb6 Kf7 64. Ra6 Re1 65. Kg2 Re6 66. Ra7+ Kf6 67. Rb7 Rc6 68. Ra7 Ke6 69. Ra5 Kd6 70. Re5 Rc5 71. Re8 Kd5 72. Re5+ Kd4 73. Re6 Rc2+ 74. Kg3 Rc3+ 75. Kg2 1/2-1/2

[Event "Innsbruck op 5th"]
[Site "Innsbruck"]
[Date "2021.08.28"]
[Round "9"]
[White "Friesen, Bas"]
[Black "Higatsberger, Michael"]
[Result "1/2-1/2"]
[WhiteElo "1981"]
[BlackElo "2112"]
[PlyCount "39"]
[EventDate "2021.08.21"]
[EventType "swiss"]
[EventRounds "9"]
[EventCountry "AUT"]
[SourceTitle "CBM 204 Extra"]
[Source "ChessBase"]
[SourceDate "2021.11.30"]
[SourceVersion "1"]
[SourceVersionDate "2021.11.30"]
[SourceQuality "1"]

1. d4 d5 2. Nf3 c5 3. c3 e6 4. Bf4 Nc6 5. e3 Nf6 6. Nbd2 Be7 7. h3 0-0 8. Bd3 b6 9. 0-0 Bb7 10. Ne5 Nxe5 11. Bxe5 Ne4 12. Qc2 Nxd2 13. Qxd2 Bd6 14. Bxd6 Qxd6 15. f4 a5 16. Qe2 Bc6 17. Qh5 f5 18. Qh4 Qd8 19. Qxd8 Rfxd8 20. Kf2 1/2-1/2

[Event "St Veit op-A 37th"]
[Site "St Veit"]
[Date "2018.07.08"]
[Round "2"]
[White "Hechl, Gerald"]
[Black "Higatsberger, Michael"]
[Result "1-0"]
[WhiteElo "2327"]
[BlackElo "2117"]
[PlyCount "41"]
[EventDate "2018.07.07"]
[EventType "swiss"]
[EventRounds "9"]
[EventCountry "AUT"]
[SourceTitle "EXT 2019"]
[Source "ChessBase"]
[SourceDate "2018.10.10"]
[SourceVersion "1"]
[SourceVersionDate "2018.10.10"]
[SourceQuality "1"]

1. d4 d5 2. c4 c5 3. cxd5 Qxd5 4. Nf3 cxd4 5. Nc3 Qa5 6. Nxd4 Nf6 7. g3 e5 8. Nb3 Qc7 9. Bg5 Be6 10. Bxf6 gxf6 11. Bg2 Nc6 12. 0-0 Rd8 13. Qc1 Bxb3 14. axb3 a6 15. Nd5 Qd6 16. Qc4 Be7 17. Ne3 Rc8 18. Bd5 Rf8 19. Nf5 Qb4 20. Rfd1 Qxc4 21. Bxc6+ 1-0